Previdn̊cia social benefc̕ios previdencir̀ios. Normas e procedimentos /

Detalles Bibliográficos
Autor principal: Bernab,̌ Alexandre
Otros Autores: de Brito e Souza, Leny Xavier
Formato: eBook
Lenguaje:portugués
Publicado: San Pablo: LTR, 2021
Materias:
Acceso en línea:Acceso restringido

MARC

LEADER 00000nam a22000007a 4500
005 20220512231043.0
007 cr|||| ||||
008 220512s2021 br |||||s|||| 00||0 por d
020 |a 978-65-5883-034-4 
035 |a 36391 
040 |a vLex 
090 |c 13328  |d 13328 
100 1 |a Bernab,̌ Alexandre 
245 1 0 |a Previdn̊cia social  |h [Recurso electrn̤ico] :  |b benefc̕ios previdencir̀ios. Normas e procedimentos /  |c Alexandre Bernab,̌ Leny Xavier de Brito e Souza 
256 |a Servicio en ln̕ea 
260 |a San Pablo:  |b LTR,  |c 2021 
300 |a 1 recurso electrn̤ico 
500 |a O objetivo deste livro, com todas as alteraė̳s da nova legislaȯ̂ aps̤ a promulgaȯ̂ da Emenda Constitucional n. 103/2019, ̌fornecer ao segurado e aos seus dependentes, em linguagem direta e simples, quais sô os seus deveres e direitos para com a Previdn̊cia Social. Para os profissionais que atuam na r̀ea, a proposta ̌disponibilizar uma fonte de consulta fora dos compn̊dios formais, em linguagem mais direta e objetiva, para maior entendimento da matřia. Sem maiores pretense̳s, colocamos aqui o mx̀imo de informaė̳s possv̕eis, para que nô seja difc̕il a leitura ou o entendimento, pois o intuito ̌alcanȧr a todos que se interessam em adquirir conhecimento e compreender o funcionamento desta mq̀uina chamada INSS. 
506 1 |a Disponible solo en los productos indicados  |d vLex Global  |d vLex Global (Academic Edition, excluding Law Schools)  |d vLex Global (U.S. Academic Edition, Law Schools)  |d vLex Global (U.S. Academic Edition, excluding Law Schools)  |d vLex Global (Academic Edition, Law Schools) 
650 0 4 |a Seguridad Social  |z Brasil 
700 1 |a de Brito e Souza, Leny Xavier 
740 0 |a vLex Libros (Servicio en ln̕ea) 
856 4 0 |u https://app.vlex.com/#/sources/36391  |z Acceso restringido 
942 |c BOOK 
999 0 |a Social Security